Les joueurs les plus utilisés par Manchester City - Statistiques

Statistiques générales
  • Ce quiz a été pris 86 fois
  • Le résultat moyen est 8 sur 10
Statistiques - réponses
Joueur % Correct
7. Haaland
97%
5. Ederson
95%
2. Foden
88%
3. Rodri
84%
4. Silva
83%
6. Walker
83%
10. Dias
81%
8. Akanji
73%
1. Alvarez
63%
9. Kovacic
44%
Aucun quiz correspondant
Distribution des résultats
% des personnes avec chaque résultat
Percentile par nombre de réponses
Votre historique - résultats
Vous n’avez pas pris ce quiz